Ecotoxicology : problems and approaches

Αποθηκεύτηκε σε:
Λεπτομέρειες βιβλιογραφικής εγγραφής
Άλλοι συγγραφείς: Levin, Simon A. (Επιμελητής έκδοσης)
Μορφή: Βιβλίο
Γλώσσα:English
Δημοσίευση: New York : Springer-Verlag, 1989
Θέματα:
Ετικέτες: Προσθήκη ετικέτας
Δεν υπάρχουν, Καταχωρήστε ετικέτα πρώτοι!

MARC

LEADER 00000nam a2200000 i 4500
001 1/4817
008 960507s1989 eng d
020 |a 0-387-96762-1 
035 |l 10015779 
040 |a GR-MY-UA  |b gre  |e aacr 
041 0 |a eng 
082 0 |a 574.5222 
245 1 0 |a Ecotoxicology :  |b problems and approaches /  |c Edited by Simon A. Levin...[et al.] 
260 |a New York :   |b Springer-Verlag,   |c 1989 
300 |a 547 p.  |b fig.; tabl. 
504 |a Includes bibliographical references and index 
650 0 0 |a Pollution  |x Environmental aspects. 
700 1 |a Levin, Simon A.  |4 edt 
852 |a INST  |b LESVOS  |e 19960507  |h 574.5222 ECO  |p 005100009609  |q 005100009609  |t BK  |y 0 
909 |a Λ  |b 044839 
950 |a 019/1995-10-24